Nanostructures:theory and modeling (Record no. 1210226)

MARC details
000 -LEADER
fixed length control field 01060nam a2200325Ia 4500
003 - CONTROL NUMBER IDENTIFIER
control field OSt
005 - DATE AND TIME OF LATEST TRANSACTION
control field 20221007122353.0
008 - FIXED-LENGTH DATA ELEMENTS--GENERAL INFORMATION
fixed length control field 221006b |||||||| |||| 00| 0 eng d
020 ## - INTERNATIONAL STANDARD BOOK NUMBER
International Standard Book Number 9788181282002 (pbk)
037 ## - SOURCE OF ACQUISITION
Terms of availability Textbook
040 ## - CATALOGING SOURCE
Original cataloging agency PAPL
Transcribing agency PAPL
Language of cataloging eng
041 ## - LANGUAGE CODE
Source of code eng
Language code of text/sound track or separate title eng
100 ## - MAIN ENTRY--PERSONAL NAME
Personal name Delerue C
9 (RLIN) 457097
245 #0 - TITLE STATEMENT
Title Nanostructures:theory and modeling
Remainder of title Lannoo M
260 ## - PUBLICATION, DISTRIBUTION, ETC.
Place of publication, distribution, etc. New
Name of publisher, distributor, etc. Delhi Springer
Date of publication, distribution, etc. 2004
300 ## - PHYSICAL DESCRIPTION
Extent ix, 304p.
Dimensions cm.
490 ## - SERIES STATEMENT
Series statement Nanoscience and technology
500 ## - GENERAL NOTE
General note ''References 281-297p''.; ''Index 299-304p''.
650 ## - SUBJECT ADDED ENTRY--TOPICAL TERM
Topical term or geographic name entry element Optical properties
9 (RLIN) 713793
650 ## - SUBJECT ADDED ENTRY--TOPICAL TERM
Topical term or geographic name entry element Quantum confined system
9 (RLIN) 714133
650 ## - SUBJECT ADDED ENTRY--TOPICAL TERM
Topical term or geographic name entry element Radiative processes
9 (RLIN) 714134
650 ## - SUBJECT ADDED ENTRY--TOPICAL TERM
Topical term or geographic name entry element Physics
700 ## - ADDED ENTRY--PERSONAL NAME
Personal name Lannoo M
9 (RLIN) 457098
942 ## - ADDED ENTRY ELEMENTS (KOHA)
Classification part C21:(D), P4 Carpa
Koha item type Textbook
Source of classification or shelving scheme Colon Classification (CC)
Holdings
Withdrawn status Lost status Source of classification or shelving scheme Damaged status Not for loan Home library Current library Date acquired Source of acquisition Total Checkouts Full call number Barcode Date last seen Price effective from Koha item type Public note
    Colon Classification (CC)     Department of Physics and Astrophysics Library Department of Physics and Astrophysics Library 2022-10-07 1620, 15/12/2008, New India Book Agency   C21:(D) P4 Carpa PA0006330 2022-10-07 2022-10-07 Textbook {IIIIrd Indian reprint 2008}.
Copyright @ Delhi University Library System